<?xml version="1.0" encoding="UTF-8"?>
<record
    xmlns:xsi="http://www.w3.org/2001/XMLSchema-instance"
    xsi:schemaLocation="http://www.loc.gov/MARC21/slim http://www.loc.gov/standards/marcxml/schema/MARC21slim.xsd"
    xmlns="http://www.loc.gov/MARC21/slim">

  <leader>03019nam a2200565Ia 4500</leader>
  <controlfield tag="001">7270</controlfield>
  <controlfield tag="008">241029s9999    xx            000 0 und d</controlfield>
  <datafield tag="010" ind1=" " ind2=" ">
    <subfield code="a">6890</subfield>
  </datafield>
  <datafield tag="041" ind1=" " ind2=" ">
    <subfield code="a">Espa&#xF1;ol</subfield>
  </datafield>
  <datafield tag="082" ind1=" " ind2=" ">
    <subfield code="a">FCE00021</subfield>
  </datafield>
  <datafield tag="245" ind1=" " ind2="0">
    <subfield code="a">Proceso de gesti&#xF3;n institucional y su influencia en la relaci&#xF3;n escuela-comunidad en el Polit&#xE9;cnico Jos&#xE9; Morel, Distrito Educativo  11-01 de la zona urbana del municipio de Sos&#xFA;a,  Puerto Plata. A&#xF1;o 2016-2017.</subfield>
  </datafield>
  <datafield tag="260" ind1=" " ind2=" ">
    <subfield code="a">Puerto Plata</subfield>
  </datafield>
  <datafield tag="300" ind1=" " ind2=" ">
    <subfield code="a">95</subfield>
  </datafield>
  <datafield tag="520" ind1=" " ind2=" ">
    <subfield code="a">71</subfield>
  </datafield>
  <datafield tag="630" ind1=" " ind2=" ">
    <subfield code="a">Actores Educativos</subfield>
  </datafield>
  <datafield tag="630" ind1=" " ind2=" ">
    <subfield code="a">Administraci&#xF3;n Educativa</subfield>
  </datafield>
  <datafield tag="630" ind1=" " ind2=" ">
    <subfield code="a">Administraci&#xF3;n Escolar</subfield>
  </datafield>
  <datafield tag="630" ind1=" " ind2=" ">
    <subfield code="a">Comunicaci&#xF3;n en la Educaci&#xF3;n</subfield>
  </datafield>
  <datafield tag="630" ind1=" " ind2=" ">
    <subfield code="a">Comunidad</subfield>
  </datafield>
  <datafield tag="650" ind1=" " ind2=" ">
    <subfield code="a">Administraci&#xF3;n de la Educaci&#xF3;n</subfield>
  </datafield>
  <datafield tag="690" ind1=" " ind2=" ">
    <subfield code="a">Elaborado</subfield>
  </datafield>
  <datafield tag="700" ind1=" " ind2=" ">
    <subfield code="e">asesor</subfield>
    <subfield code="a"> Rodr&#xED;guez ,  Eleido </subfield>
  </datafield>
  <datafield tag="700" ind1=" " ind2=" ">
    <subfield code="e">autor</subfield>
    <subfield code="a">Fern&#xE1;ndez Cruz, Segundo</subfield>
  </datafield>
  <datafield tag="901" ind1=" " ind2=" ">
    <subfield code="a">{"1":"Fern&#xE1;ndez Cruz"}</subfield>
    <subfield code="b">{"1":"Segundo"}</subfield>
  </datafield>
  <datafield tag="902" ind1=" " ind2=" ">
    <subfield code="a">1</subfield>
  </datafield>
  <datafield tag="903" ind1=" " ind2=" ">
    <subfield code="a">{"1":" Rodr&#xED;guez "}</subfield>
    <subfield code="b">{"1":" Eleido "}</subfield>
  </datafield>
  <datafield tag="904" ind1=" " ind2=" ">
    <subfield code="a">Maestr&#xED;a en</subfield>
  </datafield>
  <datafield tag="905" ind1=" " ind2=" ">
    <subfield code="a">Gesti&#xF3;n de Centros Educativos</subfield>
  </datafield>
  <datafield tag="906" ind1=" " ind2=" ">
    <subfield code="a">2</subfield>
  </datafield>
  <datafield tag="907" ind1=" " ind2=" ">
    <subfield code="a">NO APLICA</subfield>
  </datafield>
  <datafield tag="908" ind1=" " ind2=" ">
    <subfield code="a">NO APLICA</subfield>
  </datafield>
  <datafield tag="909" ind1=" " ind2=" ">
    <subfield code="a">UASD Puerto Plata</subfield>
  </datafield>
  <datafield tag="910" ind1=" " ind2=" ">
    <subfield code="a">NULL</subfield>
    <subfield code="b">NULL</subfield>
  </datafield>
  <datafield tag="911" ind1=" " ind2=" ">
    <subfield code="a">["1"]</subfield>
  </datafield>
  <datafield tag="912" ind1=" " ind2=" ">
    <subfield code="a">NO APLICA</subfield>
  </datafield>
  <datafield tag="913" ind1=" " ind2=" ">
    <subfield code="a">NULL</subfield>
  </datafield>
  <datafield tag="914" ind1=" " ind2=" ">
    <subfield code="a">13 de Febrero de 2018</subfield>
  </datafield>
  <datafield tag="915" ind1=" " ind2=" ">
    <subfield code="a">25/11/19 05:11</subfield>
  </datafield>
  <datafield tag="916" ind1=" " ind2=" ">
    <subfield code="a">NULL</subfield>
  </datafield>
  <datafield tag="917" ind1=" " ind2=" ">
    <subfield code="a">NULL</subfield>
  </datafield>
  <datafield tag="918" ind1=" " ind2=" ">
    <subfield code="a">NO APLICA</subfield>
  </datafield>
  <datafield tag="919" ind1=" " ind2=" ">
    <subfield code="a">["7","10","11","44","330"]</subfield>
  </datafield>
  <datafield tag="520" ind1=" " ind2=" ">
    <subfield code="a">El estudio se traz&#xF3; como objetivo general analizar el proceso de gesti&#xF3;n institucional y su influencia en la relaci&#xF3;n escuela-comunidad en el Polit&#xE9;cnico Jos&#xE9; Morel, Distrito Educativo&#xA0; 11-01 de la zona urbana del municipio de Sos&#xFA;a,&#xA0; Puerto Plata,&#xA0; a&#xF1;o escolar 2016-2017.El estudio tuvo un enfoque cuantitativo, se utiliz&#xF3; como t&#xE9;cnica la encuesta y como instrumento para la recolecci&#xF3;n de datos el cuestionario y la entrevista.&#xA0;La poblaci&#xF3;n estuvo compuesta por trece participantes (el director, el sub-director el coordinador la orientadora y los nueves integrantes de la APMAE) del polit&#xE9;cnico Jos&#xE9; Morel.La totalidad de los encuestados asegur&#xF3;&#xA0;que: incluir la comunidad&#xA0; en el proceso educativo, la participaci&#xF3;n comunitaria en la toma de decisiones, conocer e incorporar cultura local, la participaci&#xF3;n de los padres en el proceso pedag&#xF3;gico, son elementos que influyen en la relaci&#xF3;n escuela - comunidad. Adem&#xE1;s casi la totalidad de los encuestados manifestaron que siempre el Equipo de Gesti&#xF3;n coordina reuniones con la comunidad.&#xA0;Se evidenci&#xF3;, adem&#xE1;s, que la&#xA0; gesti&#xF3;n institucional influye de forma democr&#xE1;tica con la comunidad, promueve la integraci&#xF3;n y participaci&#xF3;n de estas actividades educativas.La investigaci&#xF3;n recomend&#xF3; al Equipo de Gesti&#xF3;n del Polit&#xE9;cnico Jos&#xE9; Morel, revisar y mejorar constantemente el vinculo escuela-comunidad a fin de no descuidar las relaciones con la comunidad.</subfield>
  </datafield>
  <datafield tag="921" ind1=" " ind2=" ">
    <subfield code="a">69</subfield>
  </datafield>
  <datafield tag="922" ind1=" " ind2=" ">
    <subfield code="a">69</subfield>
  </datafield>
  <datafield tag="923" ind1=" " ind2=" ">
    <subfield code="a">1</subfield>
  </datafield>
  <datafield tag="924" ind1=" " ind2=" ">
    <subfield code="a">NO APLICA</subfield>
  </datafield>
  <datafield tag="942" ind1=" " ind2=" ">
    <subfield code="c">Tesis</subfield>
  </datafield>
  <datafield tag="999" ind1=" " ind2=" ">
    <subfield code="c">6890</subfield>
    <subfield code="d">6890</subfield>
  </datafield>
</record>
